000 01057cam a2200265 a 4500
001 13734418
005 20260422171844.0
008 040928s2006 maua 001 0 eng d
020 _a0618508538
020 _a9780618508532
050 0 0 _aPE1417
_b.F379 2006
100 1 _aFawcett, Susan.
245 1 0 _aGrassroots with readings :
_bthe writer's workbook /
_cSusan Fawcett.
250 _a8th ed.
260 _aBoston :
_bHoughton Mifflin,
_cc2006.
300 _axxxi, 448 p. :
_bcol. ill. ;
_c28 cm.
500 _aIncludes index.
650 0 _aCollege readers.
650 0 _aEnglish language
_xRhetoric
_vProblems, exercises, etc.
650 0 _aEnglish language
_xGrammar
_vProblems, exercises, etc.
856 4 2 _3Contributor biographical information
_uhttp://www.loc.gov/catdir/enhancements/fy1104/2004114278-b.html
856 4 2 _3Publisher description
_uhttp://www.loc.gov/catdir/enhancements/fy1104/2004114278-d.html
856 4 1 _3Table of contents only
_uhttp://www.loc.gov/catdir/enhancements/fy1215/2004114278-t.html
942 _2lcc
_cBK
_e8th Ed.
_n0
999 _c9537
_d9537